Acreedores del llamado a una sucesión "mortis causa" ante el ejercicio por éste del "ius delationis" / (Record no. 187059)

MARC details
000 -LEADER
campo de control de longitud fija 00880nam a2200217 i 4500
001 - NÚMERO DE CONTROL
campo de control 187059
003 - IDENTIFICADOR DE NÚMERO DE CONTROL
campo de control ES-MaACL
005 - FECHA Y HORA DE LA ÚLTIMA TRANSACCIÓN
campo de control 20250808232908.0
008 - DATOS DE LONGITUD FIJA--INFORMACIÓN GENERAL
campo de control de longitud fija 170407s1996 sp |||| | spa d
020 ## - NÚMERO INTERNACIONAL ESTÁNDAR DEL LIBRO
Número Internacional Estándar del Libro 84-88973-36-5
080 ## - NÚMERO DE LA CLASIFICACIÓN DECIMAL UNIVERSAL
Número de la Clasificación Decimal Universal 347.65(460)
100 1# - ENTRADA PRINCIPAL--NOMBRE DE PERSONA
Nombre de persona Jordano Fraga, Francisco.
9 (RLIN) 162315
245 10 - MENCIÓN DEL TÍTULO
Título Acreedores del llamado a una sucesión "mortis causa" ante el ejercicio por éste del "ius delationis" /
Mención de responsabilidad, etc. Francisco Jordano Fraga.
260 ## - PUBLICACIÓN, DISTRIBUCIÓN, ETC.
Lugar de publicación, distribución, etc. [Madrid] :
Nombre del editor, distribuidor, etc. Colegio de Registradores de la Propiedad y Mercantiles de España, Centro de Estudios Registrales,
Fecha de publicación, distribución, etc. [1996]
300 ## - DESCRIPCIÓN FÍSICA
Extensión 395 p. ;
Dimensiones 23 cm.
500 ## - NOTA GENERAL
Nota general Índices.
650 #7 - PUNTO DE ACCESO ADICIONAL DE MATERIA--TÉRMINO DE MATERIA
Término de materia o nombre geográfico como elemento de entrada Herencias y sucesiones-
Subdivisión geográfica España
Fuente del encabezamiento o término
9 (RLIN) 162042
710 2# - ENTRADA AGREGADA--NOMBRE DE ENTIDAD CORPORATIVA
Nombre de entidad corporativa o nombre de jurisdicción como elemento de entrada Colegio de Registradores de la Propiedad y Mercantiles de España.
Unidad subordinada Centro de Estudios Registrales.
9 (RLIN) 162314
852 ## - LOCALIZACIÓN
Ubicación ES-MaACL
Número de control de estantería L-31381
Holdings
Estatus retirado Estado de pérdida Estado de daño No para préstamo Biblioteca de origen Biblioteca actual Ubicación en estantería Fecha de adquisición Fuente de adquisición Total de préstamos Signatura topográfica completa Código de barras Visto por última vez Precio de reemplazo Tipo de ítem Koha
        Biblioteca del Ateneo de Madrid Biblioteca del Ateneo de Madrid Depósito 2 07/04/2017     L-31381 1197346 23/02/2023 23/02/2023 Libro impreso